|
|
|
|
| LEADER |
00000nab a2200000 a 4500 |
| 001 |
vtls000131299 |
| 003 |
SK-MaSNL |
| 005 |
20260304052133.0 |
| 008 |
111104c1982 xo 0 slo |
| 015 |
|
|
|a SNBRB19rr/mm-uuuuu
|
| 035 |
|
|
|a CL0141405
|
| 040 |
|
|
|a SNKBUCL
|b slo
|c SNKBUCL
|e AACR2
|
| 041 |
0 |
|
|a slo
|
| 044 |
|
|
|a xo
|c SK
|
| 080 |
|
|
|a 327(100-12)(73)
|2 1981
|
| 080 |
|
|
|a 355/359
|2 1981
|
| 100 |
1 |
|
|a Havran, Michal
|4 aut
|9 273232
|
| 245 |
1 |
0 |
|a Napínanie raketových svalov
|b Nové Reaganove monštrá MX torpédom proti svetu
|c Michal Havran
|
| 650 |
0 |
7 |
|a politika militaristická
|2 snkbucl
|9 938510
|
| 651 |
|
7 |
|a Spojené štáty americké
|2 snkbucl
|9 18262
|
| 655 |
|
7 |
|a články z novín a časopisov
|2 snkbucl
|9 267496
|
| 773 |
0 |
|
|t Smena na nedeľu
|g Roč. 17, č. 48 (3. 12. 1982), s. 5
|
| 850 |
|
|
|a Slovenská národná knižnica v Martine
|a MTA001
|
| 852 |
|
|
|a SNK
|b KIS3GCP
|
| 958 |
|
|
|a RK
|
| 992 |
|
|
|a RBX
|
| 999 |
|
|
|c 2706721
|d 2708651
|